000 01154nac a2200337 i 4500
003 EG-GICUC
005 20260121101349.0
008 251126b1999 enk||||fr|||| 00| 0 eng d
020 _a0312217676
020 _a9780333736906
040 _aEG-GiCUC
_beng
_cEG-GiCUC
_dEG-GiCUC
_erda
082 0 4 _221
_a342.040
092 0 4 _221
099 _aLaw 08 1999
245 0 0 _aConstitutional dialogues in comparative perspective /
_cedited by Sally J. Kenney, William M. Reisinger and John C. Reitz ; Foreword by J. H. H. Weiler.
264 _aLondon :
_bMacmilan Press LTD,
_aNew York :
_bST. Martin's Press,
_c1999.
300 _axix. 254 pages :
_c24 cm
336 _2rda content
_atext
337 _2rda media
_aComputer
338 _2rda carrier
_aOnline Resource
500 _aincludes index.
650 1 0 _aDialogues
650 1 0 _aJudicial review
_zEurope
650 1 0 _aConstitutional law
_zEurope
700 1 _aKenney, Sally J.,
_eeditor.
700 1 _aReisinger, William M.,
_eeditor.
700 1 _aReitz, John C.,
_eeditor.
856 4 0 _uhttps://fll.law.cu.edu.eg/fulltext/bks/ENGB08-00039.pdf
905 _a10
942 _2ddc
_cBK
_e21
_n0
999 _c46298
_d46298